000 00637nas a2200217 4500
001 BR9210244
003 BR-BrBNA
005 20231205093342.0
007 ta
008 230509b bl.|||p| |||| 00| 00por d
040 _aBR-BrBNA
_bpor
_cBiblioteca Nacional de Agricultura
041 _a(Pt)
072 _aQ02
100 1 _aAnon.
245 1 _aDesenvolvimento tecnologico na industria de alimentos
650 _aINDUSTRIA ALIMENTICIA
650 _aACONDICIONAMENTO
773 0 _tRevista Nacional da Carne (Brazil)
_x
_g(Oct 1989), v. 14(154) p. 47-50
_wBR9210244
909 _a202311
_bLúcia
_c55
_dLúcia Elande
942 _2AGRIS
_n0
_cANA
999 _c137728
_d137728